Formule 1 - Top 10 plus jeunes champions du monde - Statistiques

Statistiques générales
  • Ce quiz a été pris 61 fois
  • Le résultat moyen est 5 sur 10
Statistiques - réponses
Âges Pilotes % Correct
23 ans, 4 mois et 11 jours Sebastian Vettel
98%
23 ans, 9 mois et 26 jours Lewis Hamilton
96%
24 ans, 2 mois et 12 jours Max Verstappen
84%
24 ans, 1 mois et 27 jours Fernando Alonso
72%
25 ans, 10 mois et 10 jours Michael Schumacher
44%
28 ans et 4 jours Kimi Räikkönen
26%
26 ans, 6 mois et 17 jours Jacques Villeneuve
20%
26 ans, 6 mois et 16 jours Niki Lauda
20%
25 ans, 8 mois et 29 jours Emerson Fittipaldi
14%
27 ans, 6 mois et 4 jours Jim Clark
10%
Aucun quiz correspondant
Distribution des résultats
% des personnes avec chaque résultat
Percentile par nombre de réponses
Votre historique - résultats
Vous n’avez pas pris ce quiz